000
00207 a2200097 4500
001
47809
100
_a
Ashton D
245
_a
Why exercise
260
_a
New York
_b
Basil Blackwell
_c
090
_c
30811
_d
30811
942
_a
NUST-CAE
_c
M
_c
23127
999
_c
282882
_d
282882